Public sector accounting / (Record no. 9896)
[ view plain ]
| 000 -LEADER | |
|---|---|
| fixed length control field | 01064nam a22002532 4500 |
| 001 - CONTROL NUMBER | |
| control field | 0000023623 |
| 005 - DATE AND TIME OF LATEST TRANSACTION | |
| control field | 20151217152245.0 |
| 008 - FIXED-LENGTH DATA ELEMENTS--GENERAL INFORMATION | |
| fixed length control field | 130312s xx 000 0 eng d |
| 020 ## - INTERNATIONAL STANDARD BOOK NUMBER | |
| International Standard Book Number | 0857025197 : |
| 040 ## - CATALOGING SOURCE | |
| Original cataloging agency | KABU |
| Transcribing agency | KABU |
| 245 10 - TITLE STATEMENT | |
| Title | Public sector accounting / |
| Statement of responsibility, etc. | edited by Rowan Jones. |
| 250 ## - EDITION STATEMENT | |
| Edition statement | 1st ed. |
| 260 ## - PUBLICATION, DISTRIBUTION, ETC. (IMPRINT) | |
| Place of publication, distribution, etc. | London : |
| Name of publisher, distributor, etc. | SAGE, |
| Date of publication, distribution, etc. | 2011. |
| 300 ## - PHYSICAL DESCRIPTION | |
| Extent | 4 v. |
| 505 0# - FORMATTED CONTENTS NOTE | |
| Formatted contents note | Volume I Introduction, budgeting and performance measurement - Volume II Accounting and reporting - Volume III Auditing - Volume IV Comparative international. |
| 650 #0 - SUBJECT ADDED ENTRY--TOPICAL TERM | |
| Topical term or geographic name as entry element | Finance, Public |
| General subdivision | Accounting |
| Geographic subdivision | Great Britain. |
| -- | 0000183183 |
| 700 1# - ADDED ENTRY--PERSONAL NAME | |
| Personal name | Jones, Rowan. |
| -- | 0000183184 |
| 852 1# - LOCATION | |
| -- | p96000 KES (4 v. set) |
| 852 1# - LOCATION | |
| -- | p96000 KES (4 v. set) |
| 852 1# - LOCATION | |
| -- | p96000 KES (4 v. set) |
| 852 1# - LOCATION | |
| -- | p96000 KES (4 v. set) |
| 908 ## - PUT COMMAND PARAMETER (RLIN) | |
| Put command parameter | 130312 |
| 950 ## - LOCAL HOLDINGS (RLIN) | |
| -- | 1 |
| Withdrawn status | Lost status | Source of classification or shelving scheme | Not for loan | Home library | Current library | Date acquired | Total Checkouts | Full call number | Barcode | Date last seen | Date last checked out | Price effective from | Koha item type |
|---|---|---|---|---|---|---|---|---|---|---|---|---|---|
| Library of Congress Classification | Kabarak, Main Campus | Kabarak, Main Campus | 17/12/2015 | 5 | HJ9925 .G7P83 2011 V. I c. 1 | 014541 | 22/02/2020 | 07/11/2019 | 17/12/2015 | General Collection | |||
| Library of Congress Classification | Kabarak, Main Campus | Kabarak, Main Campus | 17/12/2015 | 1 | HJ9925 .G7P83 2011 V. II c. 1 | 014540 | 16/09/2021 | 06/07/2021 | 17/12/2015 | General Collection | |||
| Library of Congress Classification | Kabarak, Main Campus | Kabarak, Main Campus | 17/12/2015 | 1 | HJ9925 .G7P83 2011 V. III c. 1 | 014539 | 27/07/2019 | 03/07/2019 | 17/12/2015 | General Collection | |||
| Library of Congress Classification | Kabarak, Main Campus | Kabarak, Main Campus | 17/12/2015 | HJ9925 .G7P83 2011 V. IV c. 1 | 014538 | 17/12/2015 | 17/12/2015 | General Collection |